000
00300nam a2200109Ia 4500
008
230907s9999||||xx |||||||||||||| ||und||
082
_a
660.2812
_b
ANA
245
0
_a
Analysis, synthesis, and design of chemical processes /
300
_a
xxxix, 1464 pages :
650
_a
Textbooks.
_9
8511
942
_c
BK
999
_c
598565
_d
598565